Дело по рапорту обер-гофмейстера князя Трубецкого о возобновлении штандартов для московских дворцов

Доступно только в Электронных читальных залах Найти на картеНа карте
RUSMARC
00003504nmc2a22002413x 450
0013bae5f38-c0f0-4d18-ac75-fc6116829393
00520250121220235.0
100##$a20241001l18631863k l0rusy0189 ca
1010#$arus
102##$aRU
105##$ay###
1222#$ad
2001#$aДело по рапорту обер-гофмейстера князя Трубецкого о возобновлении штандартов для московских дворцов
$j30 мая - 9 июля 1863 г.
215##$a14 л.
$d36,5х26 см
251##$cДело
300##$aДело
371##$aДокумент не является опубликованным и широко распространяемым
461#0$100108cd6ec2-be9a-457f-a0b6-fa449e506316
$12001
$aКанцелярия Министерства Императорского двора
$1251
$cФонд
$1852
$j472
462#0$10015265e818-b7f3-4da1-9e39-1aec072863ce
$12001
$aКанцелярия Министерства Императорского двора
$1251
$cОпись
$1852
$j9
801#0$aRU
$bРГИА
$c20241001
$gRCR
801#1$aRU
$bГлавНИВЦ
$c20241001
$2rusmarc
801#2$aRU
$bПБ им. Б.Н. Ельцина
$c20250121
$gRCR
$2rusmarc
850##$aРГИА
852##$aРГИА
$eФедеральное казенное учреждение "Российский государственный исторический архив" (РГИА)
$j383
937##$hРГИА
$d12412644
$aASBIBLIO_SCAN
035##$aRusGRCC00081484
856##$uhttp://readingroom.main.prlib.ru/item.aspx?id_node=n195816497&mode=full
Формат отображения